| 000 | 01350cam a2200229 4500500 | ||
|---|---|---|---|
| 005 | 20260329005155.0 | ||
| 041 | _afre | ||
| 042 | _adc | ||
| 100 | 1 | 0 |
_aBermúdez Neubauer, Mauricio _eauthor |
| 700 | 1 | 0 |
_aGrimaud, André _eauthor |
| 700 | 1 | 0 |
_aRouge, Luc _eauthor |
| 245 | 0 | 0 | _aR&D Policies, Carbon Tax and Green Paradox |
| 260 | _c2016. | ||
| 500 | _a77 | ||
| 520 | _aWe study an economy in which a final good is produced by two sectors. One uses a non-renewable and polluting resource, the other a renewable and clean resource. A specific type of research is associated with each sector. The public authorities levy a carbon tax and simultaneously subsidise both research sectors. We study the impact of such a policy scheme on the rate of resource extraction and emissions. In the clean sector, the research subsidy and the carbon tax have opposite effects. If the tax creates a green paradox, the subsidy moderates it; if the tax slows resource extraction, then the subsidy generates a green paradox. | ||
| 690 | _acarbon tax | ||
| 690 | _adirected technical change | ||
| 690 | _agreen paradox | ||
| 690 | _aR&D policy | ||
| 786 | 0 | _nÉconomie & prévision | o 208-209 | 1 | 2016-12-08 | p. 23-37 | 0249-4744 | |
| 856 | 4 | 1 | _uhttps://shs.cairn.info/journal-economie-et-prevision-2016-1-page-23?lang=en&redirect-ssocas=7080 |
| 999 |
_c1840980 _d1840980 |
||